The book of Qt 4 (Record no. 222212)
[ view plain ]
| 000 -LEADER | |
|---|---|
| fixed length control field | 01889nam a22003734a 4500 |
| 082 04 - DEWEY DECIMAL CLASSIFICATION NUMBER | |
| Classification number | 005.4/37 |
| 100 1# - MAIN ENTRY--AUTHOR NAME | |
| Personal name | Molkentin, Daniel. |
| 245 14 - TITLE STATEMENT | |
| Title | The book of Qt 4 |
| 250 ## - EDITION STATEMENT | |
| Edition statement | 1st ed. |
| 260 ## - PUBLICATION, DISTRIBUTION, ETC. (IMPRINT) | |
| Place of publication | Munich : |
| Name of publisher | Open Source Press ; |
| Place of publication | San Francisco : |
| Name of publisher | No Starch Press, |
| Year of publication | c2007. |
| 300 ## - PHYSICAL DESCRIPTION | |
| Number of Pages | 440 p. : |
| Other physical details | ill. |
| 500 ## - GENERAL NOTE | |
| General note | Includes index. |
| 505 0# - FORMATTED CONTENTS NOTE | |
| Formatted contents note | Basics, tools, and first code -- The tools needed to create dialogs -- GUI design using the Qt designer -- Developing a GUI application based on a main window -- Laying out widgets -- Dialogs -- Events, drag and drop, and the clipboard -- Displaying data using "interview" -- The GtSql module -- The graphics library "Arthur" -- Input/output interfaces -- Threading with QThread -- Handling XML with QtXml -- Internationalization -- Debugging help -- Tulip: containers and algorithms. |
| 650 #0 - SUBJECT ADDED ENTRY--TOPICAL TERM | |
| Topical Term | Graphical user interfaces (Computer systems) |
| Topical Term | Application software |
| 856 40 - ELECTRONIC LOCATION AND ACCESS | |
| Uniform Resource Identifier | http://site.ebrary.com/lib/rucke/Doc?id=10202508 |
No items available.
